000 00905nam a2200277 i 4500
001 1669329
003 OSt
005 20250330164044.0
008 980109s2006 cau 000 0 eng
020 _a9781881847427
040 _aDLC
_cDLC
_dDLC
041 1 _aeng
_htib
050 0 0 _aBQ7662.4
_b.K54313 1998
082 0 0 _a294.3/923
_221
100 0 _aKlong-chen-pa Dri-med-ʼod-zer,
_d1308-1363.
245 1 4 _aThe precious treasury of pith instruction /
_cLongchen Rabjam ; translated by Richard Barron (Lama Chökyi Nyima).
264 _aJunction City, CA :
_bPadma Publishing,
_c2006.
300 _axviii, 262 pages;
_c24 cm.
336 _2rdacontent
_atext
_btxt
337 _2rdamedia
_aunmediated
_bn
338 _2rdacarrier
_avolume
_bnc
650 0 _aRdzogs-chen
_vEarly works to 1800.
700 1 _aBarron, Richard.
906 _a7
_bcbc
_corignew
_d1
_eocip
_f19
_gy-gencatlg
942 _2LCS
_cBOOK
_n0
999 _c2598
_d2598